Alpha God : (Record no. 13661)
[ view plain ]
| 000 -LEADER | |
|---|---|
| fixed length control field | 00960nam a2200217 a 4500 |
| 001 - CONTROL NUMBER | |
| JCCL Control Number | 13661 |
| 003 - CONTROL NUMBER IDENTIFIER | |
| JCCL marc code | BD-JhCC |
| 005 - DATE AND TIME OF LATEST TRANSACTION | |
| control field | 20240313153106.0 |
| 008 - FIXED-LENGTH DATA ELEMENTS--GENERAL INFORMATION | |
| fixed length control field | 240313b2015 nyu||||| |||| 00| 0 eng d |
| 020 ## - INTERNATIONAL STANDARD BOOK NUMBER | |
| International Standard Book Number | 9781633880214 |
| 035 ## - SYSTEM CONTROL NUMBER | |
| system control number | (BD-JhCC)13661 |
| 040 ## - CATALOGING SOURCE | |
| Original cataloging agency | BD-JhCC |
| Modifying agency | BD-JhCC |
| 041 ## - LANGUAGE CODE | |
| Language code of Book | english |
| 082 ## - DEWEY DECIMAL CLASSIFICATION NUMBER | |
| Classification number | 101 |
| Author mark and Year | GAR 2015 |
| 100 ## - MAIN ENTRY--PERSONAL NAME | |
| Personal name | Garcia, Hector A. |
| 245 ## - TITLE STATEMENT | |
| Title | Alpha God : |
| Remainder of title | The psychology of religious violence and oppression / |
| Statement of responsibility, etc | Hector A. Garcia |
| 260 ## - PUBLICATION, DISTRIBUTION, ETC. (IMPRINT) | |
| Place of publication, distribution, etc | New York: |
| Name of publisher, distributor, etc | Prometheus Books, |
| Date of publication, distribution, etc | 2015. |
| 300 ## - PHYSICAL DESCRIPTION | |
| Pagination | 322 p. : |
| Other physical details | ill; |
| Dimensions | 22 cm. |
| 650 ## - SUBJECT ADDED ENTRY--TOPICAL TERM | |
| Topical term or geographic name as entry element | BODY, MIND & SPIRIT Gaia & Earth Energies Dieu |
| General subdivision | Dominance (Psychologie) |
| Chronological subdivision | Dominance (Psychology) |
| Geographic subdivision | Evolutionary psychology God Psychologie évolutionniste Psychologie religieuse Psychology, Religious RELIGION Christianity General RELIGION Theology Sexism in religion Sexisme dans la religion Violence Aspect religieux Violence Religious aspects psychology of religion |
| 942 ## - ADDED ENTRY ELEMENTS (KOHA) | |
| Source of classification or shelving scheme | Dewey Decimal Classification |
| Koha item type | Books |
| Source of classification or shelving scheme | Damaged status | Not for loan | Home library | Current library | Shelving location | Date of accession | Cost, normal purchase price | Total Checkouts | Full call number | Barcode | Checked out | Date last seen | Date checked out | Copy number | Method of acquisition | Koha item type | Currency |
|---|---|---|---|---|---|---|---|---|---|---|---|---|---|---|---|---|---|
| Dewey Decimal Classification | JCC Rouf Library | JCC Rouf Library | General Stacks | 390.00 | 9 | 101 GAR 2015 | 19127 | 05/20/2025 | 04/24/2025 | 04/24/2025 | C-1 | Purchase | Books | BDT |